000 00428nam a22001817a 4500
003 MPLRDC
005 20220104144623.0
008 210129b ||||| |||| 00| 0 eng d
082 _a857.7 XMY v.188 c.2
100 _a夙云著
245 _a暴君的情妇
_c
250 _a初版
260 _a
_b星河出版社
_c1998
300 _b
490 _a寻梦园系列:188
650 _a
942 _cBK
_o857.7 XMY v.188 c.2
999 _c50887
_d50877